|
|
|
|
| LEADER |
01636nam a2200361 a 4500 |
| 001 |
254183 |
| 003 |
BD-DhAAL |
| 005 |
20230613153306.0 |
| 008 |
111210s1998 ii b 101 0 eng |
| 010 |
|
|
|a 99931904
|
| 020 |
|
|
|a 1856498921
|
| 020 |
|
|
|a 8186706089
|
| 040 |
|
|
|a DLC
|c DLC
|d BD-DhAAL
|
| 042 |
|
|
|a lcode
|
| 043 |
|
|
|a a-ii---
|
| 082 |
0 |
0 |
|a 305.42/0954
|2 21
|
| 245 |
0 |
2 |
|a A question of silence? :
|b the sexual economics of modern India /
|c edited by Mary E. John and Janaki Nair.
|
| 260 |
|
|
|a New Delhi :
|b Kali for Women ;
|a London :
|b Zed Books,
|c 1998.
|
| 300 |
|
|
|a viii, 412 pages ;
|c 23 cm.
|
| 500 |
|
|
|a "All the papers in this collection, except the introduction, were presented at the XXVI Interdisciplinary Research Methodology Workshop at the Madras Institute of Development Studies, Chennai, 1-3 August 1996"--T.p. verso.
|
| 504 |
|
|
|a Includes bibliographical references and index.
|
| 541 |
|
|
|e 23977
|
| 650 |
|
0 |
|a Women
|z India
|x Social conditions
|v Congresses.
|9 54650
|
| 650 |
|
0 |
|a Sex role
|z India
|v Congresses.
|9 8590
|
| 700 |
1 |
|
|a John, Mary E.,
|d 1956-
|9 13236
|
| 700 |
1 |
|
|a Nair, Janaki.
|9 13428
|
| 710 |
2 |
|
|a Kali for Women (Organization)
|9 54651
|
| 710 |
2 |
|
|a Madras Institute of Development Studies.
|9 54652
|
| 711 |
2 |
|
|a Interdisciplinary Research Methodology Workshop
|n (26th :
|d 1996 :
|c Madras Institute of Development Studies)
|9 54653
|
| 852 |
1 |
|
|a Ayesha Abed Library
|c General Shelf.
|
| 942 |
|
|
|2 ddc
|c BK
|
| 999 |
|
|
|c 11550
|d 11550
|
| 952 |
|
|
|0 0
|1 0
|2 ddc
|4 0
|6 305_420954000000000_QUE
|7 0
|9 18799
|a BIGD
|b BIGD
|c GEN
|d 2023-06-13
|l 0
|o 305.420954 QUE
|p 3050023977
|r 2011-12-10
|t 1
|y BK
|x Transfer from BDI to BIGD.
|